| Tag |
First Indicator |
Second Indicator |
Subfields |
| LEADER |
00000cam a22000007a 4500 |
| 001 |
in00000006895 |
| 008 |
991018s1999 ilu b f000 0 eng d |
| 005 |
20230331144201.7 |
| 035 |
|
|
|a (OCoLC)ocm44804866
|
| 035 |
|
|
|9 AJL3588AM
|
| 035 |
|
|
|a in00000006895
|
| 040 |
|
|
|a GPO
|c GPO
|d DLC
|d MvI
|d UtOrBLW
|
| 049 |
|
|
|a UMIC
|a WWW
|
| 074 |
|
|
|a 0335-A (MF)
|
| 074 |
|
|
|a 0335-A (online)
|
| 086 |
0 |
|
|a D 103.53:99/70
|
| 100 |
1 |
|
|a Lister, Larry.
|
| 245 |
1 |
0 |
|a Recommendations to improve energy efficiency at the Soo Area Office, Sault Ste. Marie, MI /
|c Larry Lister and Martin J. Savoie.
|
| 264 |
|
1 |
|a [Champaign, Ill.] :
|b US Army Corps of Engineers, Construction Engineering Research Laboratory ;
|c [1999]
|
| 264 |
|
2 |
|a [Springfield, Va.] :
|b [National Technical Information Service, distributor],
|
| 300 |
|
|
|a 1 volume
|
| 336 |
|
|
|a text
|b txt
|2 rdacontent
|
| 337 |
|
|
|a microform
|b h
|2 rdamedia
|
| 338 |
|
|
|a microfiche
|b he
|2 rdacarrier
|
| 490 |
1 |
|
|a CERL technical report ;
|v 99/70
|
| 500 |
|
|
|a Shipping list number: 99-0949-M.
|
| 500 |
|
|
|a Shipping List #: 1999-0949-M
|
| 500 |
|
|
|a Shipping List Date: 10/25/1999
|
| 530 |
|
|
|a Also available via Internet from the CERL web site (PDF file only). Address as of 8/15/2000: http://owww.cecer.army.mil/TechReports/savoie%soo%locks%energy%efficiency/savoiesoolocksenergyefficiency.post.pdf; current access is available via PURL.
|
| 533 |
|
|
|a Microfiche.
|b [Washington, D.C.] :
|c Supt. of Docs., U.S. G.P.O.,
|d [1999]
|e 1 microfiche.
|
| 500 |
|
|
|a Microform.
|
| 650 |
|
0 |
|a Energy consumption
|z Michigan
|z Sault Sainte Marie.
|
| 610 |
1 |
0 |
|a United States.
|b Army.
|b Corps of Engineers.
|b Soo Area Office.
|
| 700 |
1 |
|
|a Savoie, Martin J.
|
| 710 |
2 |
|
|a Construction Engineering Research Laboratory (U.S. : 1969-1992)
|
| 830 |
|
0 |
|a USACERL technical report ;
|v 99/70.
|
| 856 |
4 |
1 |
|u https://purl.fdlp.gov/GPO/LPS2941
|z PURL accesses list of CERL technical reports from which a link may be made to the title desired
|t 0
|
| 999 |
|
|
|a MARS
|
| 999 |
f |
f |
|i 35410732-9d68-3e2e-86f7-6957c820040d
|s df093a36-a1c1-3c47-9541-57527636da54
|t 0
|
| 952 |
f |
f |
|p normal
|a Texas A&M University
|b College Station
|c Sterling C. Evans Library
|d Evans: US Documents Microfiche (3rd floor)
|t 0
|e D 103.53:99/70
|h Superintendent of Documents classification
|i microform -- microfiche
|m A14838272523
|
| 952 |
f |
f |
|a Texas A&M University
|b College Station
|c Electronic Resources
|d Available Online
|t 0
|e D 103.53:99/70
|h Superintendent of Documents classification
|
| 998 |
f |
f |
|a D 103.53:99/70
|t 0
|l Evans: US Documents Microfiche (3rd floor)
|
| 998 |
f |
f |
|a D 103.53:99/70
|t 0
|l Available Online
|